Unwritten curriculum : Things learned but not taught in school (Record no. 1389719)

MARC details
000 -LEADER
fixed length control field 00698nam a2200229Ia 4500
005 - DATE AND TIME OF LATEST TRANSACTION
control field 20250508164539.0
008 - FIXED-LENGTH DATA ELEMENTS--GENERAL INFORMATION
fixed length control field 008 250505s9999 xx 000 0 eng d
037 ## - SOURCE OF ACQUISITION
Stock number Textual
040 ## - CATALOGING SOURCE
Original cataloging agency FEDL
Language of cataloging eng
Transcribing agency FEDL
041 ## - LANGUAGE CODE
Language code of text/sound track or separate title eng
Source of code eng
084 ## - COLON CLASSIFICATION NUMBER
Classification number 370.1523, BLU
Assigning agency FEDL
100 ## - MAIN ENTRY--PERSONAL NAME
Personal name Blumberg Arthur
9 (RLIN) 580349
245 #0 - TITLE STATEMENT
Title Unwritten curriculum : Things learned but not taught in school
260 ## - PUBLICATION, DISTRIBUTION, ETC.
Place of publication, distribution, etc. Thousand Oaks, Calfornia
Name of publisher, distributor, etc. Corwin Press
Date of publication, distribution, etc. 1994
300 ## - PHYSICAL DESCRIPTION
Extent xiii,120p.
365 ## - TRADE PRICE
Price type code USD
Price amount 18
546 ## - LANGUAGE NOTE
Language note MACESE
650 ## - SUBJECT ADDED ENTRY--TOPICAL TERM
Topical term or geographic name entry element Educational psychology - Learning
9 (RLIN) 778405
700 ## - ADDED ENTRY--PERSONAL NAME
Personal name Blumberg Phyllis
9 (RLIN) 778406
942 ## - ADDED ENTRY ELEMENTS (KOHA)
Koha item type Textual
Classification part 370.1523, BLU
Holdings
Withdrawn status Lost status Damaged status Not for loan Home library Current library Date acquired Cost, normal purchase price Total Checkouts Full call number Barcode Date last seen Price effective from Koha item type
        Department of Education Library Department of Education Library 2025-05-08 18.00   370.1523, BLU EL0083345 2025-05-08 2025-05-08 Textual
Copyright @ Delhi University Library System